| 000 | 00815nam a2200229 a 4500 | ||
|---|---|---|---|
| 001 | 000028652 | ||
| 005 | 20240302073950.0 | ||
| 008 | 110411s2010 dr ac r 001 | spa d | ||
| 020 | _a9789945074123 | ||
| 040 |
_aDO-SdBNP _bspa _cBNPHU |
||
| 082 |
_axxxx _bC343d |
||
| 100 | 1 |
_aCassá, Roberto, _d1948- _910888 |
|
| 245 | 1 | 0 |
_aDominicanos de pensamientos liberal : _bEspaillat, Bonó, Dechamps (siglo XIX) / _cRoberto Cassá. |
| 260 |
_aSanto Domingo : _bArchivo General de la Nación, _c2010. |
||
| 300 |
_a135 p. : _bil., retrs. ; _c23 cm. |
||
| 490 | 1 |
_aJuvenil _v8 |
|
| 500 | _aIncluye índice onomástico. | ||
| 504 | _aIncluye referencias bibliográficas. | ||
| 500 | _aIncluye datos biográficos del autor en la solapa de la cubierta. | ||
| 590 | _aInventariado, 2019/BT | ||
| 830 | 0 |
_aJuvenil ; _n8 _950575 |
|
| 999 |
_c28144 _d28144 |
||